Integrácia technickej politiky v systéme ekologizácie poľnohospodárstva
Enregistré dans:
| Auteur principal: | |
|---|---|
| Format: | Livre |
| Langue: | slovaque |
| Publié: |
Bratislava
Prognostický ústav SAV
2001
|
| Collection: | Pracovné materiály
č. 4 |
| Sujets: | |
| Tags: |
Pas de tags, Soyez le premier à ajouter un tag!
|
MARC
| LEADER | 00000nam a2200000 4500 | ||
|---|---|---|---|
| 001 | c129229 | ||
| 005 | 20250509104018.8 | ||
| 022 | |a 0862-9137 | ||
| 041 | 0 | |a slo | |
| 044 | |a SK | ||
| 245 | 1 | 0 | |a Integrácia technickej politiky v systéme ekologizácie poľnohospodárstva |c Ján Tomovčík |
| 264 | 1 | |a Bratislava |b Prognostický ústav SAV |c 2001 | |
| 300 | |a 32 s. | ||
| 490 | 1 | |a Pracovné materiály |v č. 4 | |
| 830 | 0 | |a Pracovné materiály |v č. 4 | |
| 610 | 2 | 0 | |a poľnohospodárstvo |
| 610 | 2 | 0 | |a ekologizácia |
| 610 | 2 | 0 | |a politika technická |
| 610 | 2 | 0 | |a agrokomplex |
| 610 | 2 | 0 | |a výroba poľnohospodárska |
| 610 | 2 | 0 | |a chov zvierat |
| 610 | 2 | 0 | |a výroba rastlinná |
| 610 | 2 | 0 | |a výskum |
| 610 | 2 | 0 | |a údaje štatistické |
| 610 | 2 | 0 | |a Slovensko |
| 100 | 1 | |a Tomovčík, Ján | |